[Event "High League 2022 men"]
[Site "Obninsk"]
[Date "2022.07.02"]
[Round "6.8"]
[White "Kezin, Roman"]
[Black "Zvjaginsev, Vadim"]
[Result "1-0"]
[LiveChessVersion "1.4.7"]
[BlackElo "2603"]
[WhiteElo "2516"]

1. d4 {[%clk 1:30:56]} Nf6 {[%clk 1:29:20]} 2. c4 {[%clk 1:31:03]} g6
{[%clk 1:29:41]} 3. g3 {[%clk 1:30:47]} c5 {[%clk 1:28:46]} 4. dxc5
{[%clk 1:20:07]} Qa5+ {[%clk 1:26:53]} 5. Nc3 {[%clk 1:20:17]} Bg7
{[%clk 1:24:53]} 6. Qa4 {[%clk 1:14:27]} Qxc5 {[%clk 1:21:44]} 7. Bg2
{[%clk 1:14:09]} O-O {[%clk 1:14:18]} 8. Be3 {[%clk 1:01:18]} Qc7
{[%clk 1:13:08]} 9. Nh3 {[%clk 1:00:52]} d6 {[%clk 1:05:53]} 10. Nf4
{[%clk 0:32:21]} Bd7 {[%clk 1:05:46]} 11. Qa3 {[%clk 0:22:07]} Nc6
{[%clk 1:02:21]} 12. Rc1 {[%clk 0:19:20]} Qa5 {[%clk 0:55:49]} 13. Qxa5
{[%clk 0:19:09]} Nxa5 {[%clk 0:56:13]} 14. b3 {[%clk 0:19:17]} Nc6
{[%clk 0:50:01]} 15. O-O {[%clk 0:18:41]} Rfc8 {[%clk 0:40:16]} 16. Rfd1
{[%clk 0:17:24]} Kf8 {[%clk 0:40:02]} 17. h3 {[%clk 0:08:03]} h5 {[%clk 0:37:49]}
18. Nb5 {[%clk 0:07:00]} Be8 {[%clk 0:28:19]} 19. Nd5 {[%clk 0:02:49]} Nxd5
{[%clk 0:25:57]} 20. cxd5 {[%clk 0:01:53]} Nb4 {[%clk 0:26:22]} 21. Nxa7
{[%clk 0:00:34]} Rxc1 {[%clk 0:25:07]} 22. Rxc1 {[%clk 0:01:03]} Nxa2
{[%clk 0:24:47]} 23. Rc7 {[%clk 0:01:31]} Nc3 {[%clk 0:23:27]} 24. Bf3
{[%clk 0:00:34]} f5 {[%clk 0:20:27]} 25. Rxb7 {[%clk 0:00:37]} Bf7
{[%clk 0:20:51]} 26. Bg5 {[%clk 0:00:33]} Nxd5 {[%clk 0:20:41]} 27. Nc6
{[%clk 0:00:38]} Bf6 {[%clk 0:17:54]} 28. Bxf6 {[%clk 0:00:42]} Nxf6
{[%clk 0:18:19]} 29. Nxe7 {[%clk 0:00:37]} Ne4 {[%clk 0:16:22]} 30. Nc6
{[%clk 0:00:39]} Ra1+ {[%clk 0:12:38]} 31. Kg2 {[%clk 0:01:08]} Nd2
{[%clk 0:12:44]} 32. Nd4 {[%clk 0:00:32]} Nxf3 {[%clk 0:09:58]} 33. Rb8+
{[%clk 0:00:38]} Kg7 {[%clk 0:10:01]} 34. Kxf3 {[%clk 0:00:58]} Kf6
{[%clk 0:08:12]} 35. h4 {[%clk 0:01:19]} Rd1 {[%clk 0:04:44]} 36. Ke3
{[%clk 0:01:46]} f4+ {[%clk 0:03:19]} 37. gxf4 {[%clk 0:02:07]} Rh1
{[%clk 0:03:47]} 38. Rb6 {[%clk 0:01:06]} Ke7 {[%clk 0:03:32]} 39. Rb7+
{[%clk 0:01:35]} Kf8 {[%clk 0:03:18]} 40. Rd7 {[%clk 0:30:32]} Rxh4
{[%clk 0:33:27]} 41. Rxd6 {[%clk 0:26:07]} Rh1 {[%clk 0:33:36]} 42. f5
{[%clk 0:24:50]} gxf5 {[%clk 0:33:55]} 43. b4 {[%clk 0:21:36]} Rb1
{[%clk 0:31:02]} 44. b5 {[%clk 0:21:48]} Be8 {[%clk 0:25:05]} 45. Rh6
{[%clk 0:16:49]} Kg8 {[%clk 0:20:47]} 46. b6 {[%clk 0:15:57]} h4 {[%clk 0:18:29]}
47. Rxh4 {[%clk 0:13:00]} Bg6 {[%clk 0:18:21]} 48. Rf4 {[%clk 0:10:23]} Rxb6
{[%clk 0:17:44]} 49. Nxf5 {[%clk 0:10:38]} Rb3+ {[%clk 0:17:24]} 50. Kd4
{[%clk 0:10:42]} Rb4+ {[%clk 0:16:29]} 51. Ke5 {[%clk 0:11:04]} Rb2
{[%clk 0:16:04]} 52. Ne7+ {[%clk 0:10:13]} Kg7 {[%clk 0:16:19]} 53. Nxg6
{[%clk 0:09:33]} 1-0

[Event "High League 2022 men"]
[Site "Obninsk"]
[Date "2022.07.02"]
[Round "6.9"]
[White "Kobalia, Mikhail"]
[Black "Zakhartsov, Vladimir"]
[Result "1/2-1/2"]
[LiveChessVersion "1.4.7"]
[BlackElo "2483"]
[WhiteElo "2590"]

1. e4 {[%clk 1:30:53]} c6 {[%clk 1:30:55]} 2. d4 {[%clk 1:30:47]} d5
{[%clk 1:31:21]} 3. Nc3 {[%clk 1:30:58]} dxe4 {[%clk 1:31:34]} 4. Nxe4
{[%clk 1:31:23]} Bf5 {[%clk 1:31:52]} 5. Ng3 {[%clk 1:31:47]} Bg6
{[%clk 1:32:17]} 6. h4 {[%clk 1:31:56]} h6 {[%clk 1:32:42]} 7. Nf3
{[%clk 1:32:22]} Nd7 {[%clk 1:33:02]} 8. h5 {[%clk 1:32:44]} Bh7 {[%clk 1:33:28]}
9. Bd3 {[%clk 1:33:10]} Bxd3 {[%clk 1:33:53]} 10. Qxd3 {[%clk 1:33:36]} e6
{[%clk 1:34:03]} 11. Bd2 {[%clk 1:34:01]} Ngf6 {[%clk 1:34:23]} 12. O-O-O
{[%clk 1:34:25]} Be7 {[%clk 1:34:44]} 13. Kb1 {[%clk 1:34:19]} O-O
{[%clk 1:32:22]} 14. Ne4 {[%clk 1:29:24]} c5 {[%clk 1:31:52]} 15. Nxf6+
{[%clk 1:11:17]} Nxf6 16. g4 {[%clk 1:04:03]} Nxg4 {[%clk 1:29:42]} 17. Qe2 Qe8
{[%clk 1:12:44]} 18. Rhg1 {[%clk 0:52:34]} f5 {[%clk 1:12:56]} 19. Qxe6+
{[%clk 0:52:41]} Qf7 {[%clk 1:13:13]} 20. Qxf7+ {[%clk 0:52:30]} Rxf7
{[%clk 1:12:33]} 21. Ne5 {[%clk 0:51:53]} Nxe5 {[%clk 1:12:57]} 22. dxe5
{[%clk 0:52:20]} f4 {[%clk 1:13:22]} 23. Bc3 {[%clk 0:44:48]} Bg5
{[%clk 1:11:37]} 24. f3 {[%clk 0:31:24]} Re8 {[%clk 1:10:37]} 25. Rd6
{[%clk 0:31:29]} Rfe7 {[%clk 1:09:34]} 26. a4 {[%clk 0:30:56]} Re6
{[%clk 1:09:18]} 27. Rd7 R8e7 {[%clk 1:08:59]} 28. Rd8+ {[%clk 0:23:15]} Re8
{[%clk 1:07:31]} 29. Rd7 {[%clk 0:23:42]} R8e7 {[%clk 1:07:55]} 30. Rd8+
{[%clk 0:20:41]} Re8 {[%clk 1:07:41]} 31. Rd5 {[%clk 0:20:06]} b6
{[%clk 1:07:20]} 32. Ka2 {[%clk 0:18:45]} Kf7 {[%clk 1:07:31]} 33. Kb3
{[%clk 0:19:07]} g6 {[%clk 1:07:51]} 34. Kc4 {[%clk 0:18:39]} gxh5
{[%clk 1:07:55]} 35. Kd3 {[%clk 0:18:55]} Kg6 {[%clk 1:01:21]} 36. Ke4
{[%clk 0:19:21]} h4 {[%clk 1:01:39]} 37. Bd2 {[%clk 0:16:55]} Rf8 38. Rd6
{[%clk 0:11:43]} Kf7 {[%clk 0:58:47]} 39. Kd5 {[%clk 0:09:28]} Re7
{[%clk 0:58:56]} 40. a5 {[%clk 0:34:35]} bxa5 {[%clk 1:28:57]} 41. Bxa5
{[%clk 0:32:10]} Rfe8 42. Bc3 Rc7 {[%clk 1:26:16]} 43. Bd2 {[%clk 0:23:57]} Ke7
{[%clk 1:21:12]} 44. Ra1 {[%clk 0:20:44]} Rb8 45. Bc3 {[%clk 0:16:59]} Rb5
{[%clk 1:18:29]} 46. Rda6 {[%clk 0:16:45]} Rd7+ {[%clk 1:17:01]} 47. Ke4
{[%clk 0:15:58]} Rb6 {[%clk 1:17:07]} 48. Kf5 {[%clk 0:13:25]} Rxa6
{[%clk 1:16:39]} 49. Rxa6 {[%clk 0:13:54]} Rd1 {[%clk 1:17:00]} 50. Rxa7+
{[%clk 0:14:14]} Ke8 {[%clk 1:11:19]} 51. e6 {[%clk 0:14:38]} Rd5+
{[%clk 1:08:43]} 52. Be5 {[%clk 0:12:53]} c4 53. e7 {[%clk 0:06:55]} Rd7
{[%clk 1:04:15]} 54. Rxd7 {[%clk 0:07:18]} Kxd7 {[%clk 1:04:41]} 55. Bxf4
{[%clk 0:07:32]} h3 {[%clk 1:02:41]} 56. Bh2 {[%clk 0:07:05]} Bxe7
{[%clk 1:00:59]} 57. Kg4 Bf6 {[%clk 0:45:25]} 58. b3 {[%clk 0:03:23]} cxb3
{[%clk 0:45:48]} 59. cxb3 {[%clk 0:03:52]} Kc6 {[%clk 0:46:12]} 60. Kxh3
{[%clk 0:04:18]} Kc5 {[%clk 0:46:34]} 61. Kg4 {[%clk 0:03:52]} Kb4
{[%clk 0:46:31]} 62. Bf4 {[%clk 0:04:19]} Kxb3 {[%clk 0:45:25]} 63. Bxh6
{[%clk 0:04:47]} Be5 {[%clk 0:45:41]} 64. Kf5 {[%clk 0:05:05]} Bc3
{[%clk 0:41:04]} 65. Ke4 {[%clk 0:03:56]} Kc4 {[%clk 0:41:22]} 66. Be3
{[%clk 0:04:22]} Kb5 {[%clk 0:40:12]} 67. Kd5 {[%clk 0:04:28]} Bg7
{[%clk 0:40:17]} 68. Bg5 {[%clk 0:04:36]} Bc3 {[%clk 0:40:18]} 69. Bc1 Bg7
{[%clk 0:39:04]} 70. Be3 {[%clk 0:04:12]} Bf8 {[%clk 0:39:27]} 71. Bd2
{[%clk 0:01:57]} Bg7 {[%clk 0:39:43]} 72. Bf4 {[%clk 0:02:01]} Bb2
{[%clk 0:39:10]} 73. Bh6 {[%clk 0:01:38]} Bc3 {[%clk 0:38:20]} 74. Kd6
{[%clk 0:01:26]} Kc4 {[%clk 0:38:15]} 75. Ke6 {[%clk 0:01:44]} Kd3
{[%clk 0:38:19]} 76. Bc1 {[%clk 0:01:44]} Bb2 {[%clk 0:37:53]} 77. Bg5
{[%clk 0:01:47]} Ke2 {[%clk 0:38:18]} 78. f4 {[%clk 0:02:08]} Bc1
{[%clk 0:38:45]} 79. Bh6 {[%clk 0:02:36]} Bxf4 {[%clk 0:39:11]} 80. Bxf4
{[%clk 0:03:05]} 1/2-1/2

[Event "High League 2022 men"]
[Site "Obninsk"]
[Date "2022.07.02"]
[Round "6.10"]
[White "Nesterov, Arseniy"]
[Black "Yeletsky, Ivan"]
[Result "1-0"]
[LiveChessVersion "1.4.7"]
[BlackElo "2474"]
[WhiteElo "2566"]

1. d4 {[%clk 1:30:57]} Nf6 {[%clk 1:30:49]} 2. c4 {[%clk 1:31:22]} g6
{[%clk 1:31:10]} 3. Nc3 {[%clk 1:31:43]} d5 {[%clk 1:31:30]} 4. cxd5
{[%clk 1:32:08]} Nxd5 {[%clk 1:31:53]} 5. e4 {[%clk 1:32:29]} Nxc3
{[%clk 1:32:14]} 6. bxc3 {[%clk 1:32:54]} Bg7 {[%clk 1:32:34]} 7. Bc4
{[%clk 1:33:13]} c5 {[%clk 1:32:55]} 8. Ne2 {[%clk 1:32:52]} Nc6 {[%clk 1:33:13]}
9. Be3 {[%clk 1:31:49]} O-O {[%clk 1:33:14]} 10. O-O {[%clk 1:32:08]} Bg4
{[%clk 1:33:16]} 11. f3 {[%clk 1:31:33]} Bd7 {[%clk 1:33:26]} 12. Rc1
{[%clk 1:24:07]} Rc8 {[%clk 1:33:38]} 13. h4 {[%clk 1:17:54]} Qa5
{[%clk 1:18:18]} 14. h5 {[%clk 1:04:40]} b5 {[%clk 1:04:47]} 15. Bb3
{[%clk 0:57:04]} Qa3 {[%clk 0:59:13]} 16. h6 {[%clk 0:53:26]} Bh8
{[%clk 0:59:21]} 17. dxc5 {[%clk 0:48:24]} Rfd8 {[%clk 0:49:11]} 18. Qe1
{[%clk 0:40:34]} Be8 {[%clk 0:41:58]} 19. Qf2 {[%clk 0:31:23]} a5
{[%clk 0:39:45]} 20. Rcd1 {[%clk 0:27:32]} Rxd1 {[%clk 0:40:04]} 21. Rxd1
{[%clk 0:27:57]} Ne5 {[%clk 0:40:12]} 22. Bc1 {[%clk 0:15:42]} Qxc5
{[%clk 0:40:26]} 23. Qxc5 {[%clk 0:16:09]} Rxc5 {[%clk 0:40:46]} 24. Rd8
{[%clk 0:16:35]} Kf8 {[%clk 0:41:05]} 25. a4 {[%clk 0:15:53]} Nc4
{[%clk 0:20:32]} 26. axb5 {[%clk 0:06:34]} Nb6 {[%clk 0:19:43]} 27. Be3
{[%clk 0:04:17]} Rxb5 {[%clk 0:19:44]} 28. Nd4 {[%clk 0:04:17]} Rh5
{[%clk 0:12:56]} 29. g4 {[%clk 0:03:59]} Re5 {[%clk 0:13:11]} 30. f4
{[%clk 0:01:07]} Rxe4 {[%clk 0:12:53]} 31. Nb5 {[%clk 0:00:56]} Nc4
{[%clk 0:08:55]} 32. Nc7 {[%clk 0:01:17]} Nd6 {[%clk 0:09:14]} 33. Nxe8
{[%clk 0:01:30]} Nxe8 {[%clk 0:09:27]} 34. Bd5 {[%clk 0:01:42]} Rxe3
{[%clk 0:08:36]} 35. Bc6 {[%clk 0:02:05]} f5 {[%clk 0:08:35]} 36. Bxe8
{[%clk 0:01:38]} e6 {[%clk 0:04:40]} 37. Bxg6+ {[%clk 0:01:51]} Ke7
{[%clk 0:05:02]} 38. Rxh8 {[%clk 0:02:18]} Rg3+ {[%clk 0:05:22]} 39. Kf2
{[%clk 0:02:04]} Rxg4 {[%clk 0:05:35]} 40. Rxh7+ {[%clk 0:32:31]} Kf6
{[%clk 0:35:48]} 41. Bh5 {[%clk 0:32:46]} Rxf4+ {[%clk 0:36:06]} 42. Kg3
{[%clk 0:32:52]} Kg5 {[%clk 0:25:40]} 43. Rg7+ {[%clk 0:26:22]} Kxh6
{[%clk 0:25:58]} 44. Kxf4 {[%clk 0:26:46]} Kxg7 {[%clk 0:26:19]} 45. Ke5
{[%clk 0:27:02]} a4 {[%clk 0:26:39]} 46. Bd1 {[%clk 0:27:28]} a3 {[%clk 0:27:03]}
47. Bb3 {[%clk 0:27:56]} Kg6 {[%clk 0:27:26]} 48. Ba2 {[%clk 0:26:51]} Kg5
{[%clk 0:26:31]} 49. Bxe6 {[%clk 0:27:14]} f4 {[%clk 0:26:37]} 50. Ke4
{[%clk 0:27:40]} Kf6 {[%clk 0:26:58]} 51. Bc4 {[%clk 0:27:48]} Kg5
{[%clk 0:27:19]} 52. Kd3 {[%clk 0:27:57]} f3 {[%clk 0:26:32]} 53. Ke4 1-0

[Event "High League 2022 men"]
[Site "Obninsk"]
[Date "2022.07.02"]
[Round "6.11"]
[White "Ponkratov, Pavel"]
[Black "Kryakvin, Dmitry"]
[Result "1-0"]
[LiveChessVersion "1.4.7"]
[BlackElo "2524"]
[WhiteElo "2631"]

1. e4 {[%clk 1:30:57]} c5 {[%clk 1:30:55]} 2. Nf3 {[%clk 1:31:23]} d6
{[%clk 1:31:18]} 3. d4 {[%clk 1:31:49]} cxd4 {[%clk 1:31:42]} 4. Nxd4
{[%clk 1:32:17]} Nf6 {[%clk 1:32:05]} 5. Nc3 {[%clk 1:32:43]} Nc6
{[%clk 1:32:29]} 6. f3 {[%clk 1:33:08]} e5 {[%clk 1:32:16]} 7. Nb3
{[%clk 1:33:34]} Be7 {[%clk 1:32:22]} 8. Be3 {[%clk 1:33:59]} Be6
{[%clk 1:31:06]} 9. Nd5 {[%clk 1:33:52]} O-O {[%clk 1:30:27]} 10. Qd2
{[%clk 1:34:17]} a5 {[%clk 1:28:15]} 11. Bb6 {[%clk 1:11:53]} Qb8
{[%clk 1:07:26]} 12. Nxe7+ {[%clk 0:51:11]} Nxe7 {[%clk 1:07:31]} 13. Bxa5
{[%clk 0:51:37]} Nc6 {[%clk 0:41:32]} 14. Bb6 {[%clk 0:51:28]} d5
{[%clk 0:36:39]} 15. Nc5 {[%clk 0:47:45]} d4 {[%clk 0:31:11]} 16. Nxe6
{[%clk 0:22:47]} fxe6 {[%clk 0:31:18]} 17. Bc5 {[%clk 0:23:14]} Rc8
{[%clk 0:29:55]} 18. Bb5 {[%clk 0:12:46]} Qc7 {[%clk 0:16:03]} 19. O-O
{[%clk 0:12:32]} Na5 {[%clk 0:12:50]} 20. Bb4 {[%clk 0:11:37]} Nc4
{[%clk 0:09:06]} 21. Bxc4 {[%clk 0:11:47]} Qxc4 {[%clk 0:09:33]} 22. c3
{[%clk 0:12:13]} Rxa2 {[%clk 0:08:29]} 23. Rxa2 {[%clk 0:12:23]} Qxa2
{[%clk 0:08:56]} 24. cxd4 {[%clk 0:12:01]} Rd8 {[%clk 0:08:59]} 25. Qg5
{[%clk 0:10:39]} Qa7 {[%clk 0:01:13]} 26. Bc5 {[%clk 0:10:36]} b6
{[%clk 0:01:36]} 27. dxe5 {[%clk 0:10:12]} h6 {[%clk 0:00:45]} 28. Qg6
{[%clk 0:10:36]} bxc5 {[%clk 0:00:55]} 29. exf6 {[%clk 0:11:01]} c4+
{[%clk 0:01:10]} 30. Kh1 {[%clk 0:11:21]} Qf7 {[%clk 0:01:33]} 31. Qxg7+
{[%clk 0:08:23]} Qxg7 {[%clk 0:02:00]} 32. fxg7 {[%clk 0:08:49]} Rb8
{[%clk 0:02:26]} 33. Kg1 {[%clk 0:08:41]} Rxb2 {[%clk 0:02:52]} 34. Rc1
{[%clk 0:09:08]} Rb4 {[%clk 0:03:14]} 35. Kf2 {[%clk 0:09:09]} Kxg7
{[%clk 0:03:37]} 36. Rc2 {[%clk 0:06:48]} Kf6 {[%clk 0:02:36]} 37. Ke3
{[%clk 0:07:13]} Ke5 {[%clk 0:02:25]} 38. f4+ {[%clk 0:07:04]} Kd6
{[%clk 0:01:45]} 39. Kd4 {[%clk 0:06:41]} c3+ {[%clk 0:02:04]} 40. Kd3
{[%clk 0:37:06]} e5 {[%clk 0:32:21]} 41. f5 {[%clk 0:22:35]} Rd4+
{[%clk 0:31:00]} 42. Ke3 {[%clk 0:23:03]} Rc4 {[%clk 0:31:21]} 43. g4
{[%clk 0:23:30]} Ke7 {[%clk 0:28:56]} 44. h3 {[%clk 0:23:09]} Kf7
{[%clk 0:28:11]} 45. Kf3 {[%clk 0:09:55]} Kf6 {[%clk 0:24:44]} 46. h4
{[%clk 0:08:02]} Rc8 {[%clk 0:18:16]} 47. Kf2 {[%clk 0:08:24]} Rg8
{[%clk 0:16:11]} 48. Kg3 {[%clk 0:08:49]} Rc8 {[%clk 0:16:31]} 49. Kf3
{[%clk 0:09:06]} Rc7 {[%clk 0:16:42]} 50. Ke2 {[%clk 0:08:30]} Rg7
{[%clk 0:17:00]} 51. Rxc3 {[%clk 0:08:55]} Rxg4 {[%clk 0:17:26]} 52. Rc6+
{[%clk 0:09:21]} Kg7 {[%clk 0:12:35]} 53. Rc7+ {[%clk 0:09:42]} Kf6
{[%clk 0:12:45]} 54. Rc6+ {[%clk 0:10:10]} Kg7 {[%clk 0:13:11]} 55. Kd3
{[%clk 0:10:37]} Rxh4 {[%clk 0:13:27]} 56. Rg6+ {[%clk 0:10:52]} Kf7
{[%clk 0:09:57]} 57. Re6 {[%clk 0:11:18]} Rh3+ {[%clk 0:09:21]} 58. Kc4
{[%clk 0:11:43]} h5 {[%clk 0:08:59]} 59. Kd5 {[%clk 0:12:05]} h4 {[%clk 0:08:43]}
60. Kxe5 {[%clk 0:12:27]} Rf3 {[%clk 0:09:10]} 61. Rh6 {[%clk 0:08:12]} h3
{[%clk 0:09:31]} 62. Rh4 {[%clk 0:08:37]} Rg3 {[%clk 0:03:05]} 63. Kf4
{[%clk 0:08:59]} Ra3 {[%clk 0:03:31]} 64. Rh5 {[%clk 0:09:01]} Kg7
{[%clk 0:02:40]} 65. e5 {[%clk 0:09:20]} Rb3 {[%clk 0:02:46]} 66. f6+
{[%clk 0:09:02]} Kf7 {[%clk 0:01:07]} 67. Kf5 {[%clk 0:09:13]} Rf3+
{[%clk 0:01:21]} 68. Ke4 {[%clk 0:09:38]} Ra3 {[%clk 0:00:45]} 69. Rh7+
{[%clk 0:10:03]} Kg6 {[%clk 0:00:40]} 70. Rg7+ {[%clk 0:10:26]} Kh6
{[%clk 0:01:06]} 71. Rg8 {[%clk 0:10:22]} Ra7 {[%clk 0:00:53]} 72. Rh8+
{[%clk 0:10:21]} Kg6 {[%clk 0:00:55]} 73. Rxh3 {[%clk 0:10:47]} Ra4+
{[%clk 0:01:15]} 74. Kd5 {[%clk 0:11:01]} Ra5+ {[%clk 0:01:41]} 75. Kd6
{[%clk 0:11:27]} Ra6+ {[%clk 0:01:58]} 76. Kc7 {[%clk 0:11:44]} Re6
{[%clk 0:00:33]} 77. Rg3+ {[%clk 0:11:05]} Kf7 {[%clk 0:00:57]} 78. Rg7+
{[%clk 0:11:31]} Ke8 {[%clk 0:00:57]} 79. Rg5 {[%clk 0:11:57]} Ra6
{[%clk 0:00:36]} 80. Rg8+ {[%clk 0:12:18]} Kf7 {[%clk 0:00:55]} 81. Rg7+
{[%clk 0:12:35]} Kf8 {[%clk 0:01:16]} 82. Re7 {[%clk 0:11:52]} Ra7+
{[%clk 0:00:48]} 83. Kd8 {[%clk 0:12:18]} Ra6 {[%clk 0:00:54]} 84. Kd7
{[%clk 0:12:43]} Rb6 85. e6 {[%clk 0:11:28]} Rb7+ {[%clk 0:00:36]} 86. Kd8
{[%clk 0:11:53]} Rb8+ {[%clk 0:01:01]} 87. Kc7 {[%clk 0:12:20]} Ra8
{[%clk 0:01:23]} 88. Rd7 {[%clk 0:12:45]} 1-0

[Event "High League 2022 men"]
[Site "Obninsk"]
[Date "2022.07.02"]
[Round "6.12"]
[White "Salemgareev, Tagir"]
[Black "Paravyan, David"]
[Result "1-0"]
[LiveChessVersion "1.4.7"]
[BlackElo "2620"]
[WhiteElo "2490"]

1. d4 {[%clk 1:30:56]} Nf6 {[%clk 1:30:05]} 2. c4 {[%clk 1:31:19]} g6
{[%clk 1:30:32]} 3. Nc3 {[%clk 1:31:45]} Bg7 {[%clk 1:30:59]} 4. e4
{[%clk 1:32:09]} d6 {[%clk 1:31:27]} 5. h3 {[%clk 1:32:30]} O-O {[%clk 1:31:49]}
6. Be3 {[%clk 1:32:56]} Na6 {[%clk 1:32:14]} 7. Nf3 {[%clk 1:33:14]} e5
{[%clk 1:32:32]} 8. d5 {[%clk 1:33:39]} Nh5 {[%clk 1:32:58]} 9. g3
{[%clk 1:24:01]} f5 {[%clk 1:32:44]} 10. exf5 {[%clk 1:24:26]} gxf5
{[%clk 1:33:11]} 11. Nh4 {[%clk 1:24:51]} Nf6 {[%clk 1:33:36]} 12. Bd3
{[%clk 1:25:15]} e4 {[%clk 1:34:02]} 13. Be2 {[%clk 1:25:34]} Nd7
{[%clk 1:31:20]} 14. Ng2 {[%clk 1:22:39]} Ne5 {[%clk 1:21:24]} 15. Nf4
{[%clk 1:22:56]} Nc5 {[%clk 1:18:10]} 16. O-O {[%clk 1:18:31]} Bd7
{[%clk 0:53:25]} 17. Rc1 {[%clk 1:17:23]} Kh8 {[%clk 0:44:21]} 18. b4
{[%clk 1:07:38]} Ncd3 {[%clk 0:41:20]} 19. Bxd3 {[%clk 1:07:46]} exd3
{[%clk 0:24:43]} 20. Nb1 {[%clk 1:07:22]} c6 {[%clk 0:19:47]} 21. Nd2
{[%clk 0:59:18]} Rc8 {[%clk 0:17:32]} 22. Nb3 {[%clk 0:57:35]} b5
{[%clk 0:14:37]} 23. cxb5 {[%clk 0:55:57]} cxd5 {[%clk 0:15:03]} 24. Rxc8
{[%clk 0:53:37]} Qxc8 {[%clk 0:14:57]} 25. Nd4 {[%clk 0:53:39]} Qc4
{[%clk 0:12:33]} 26. Qh5 {[%clk 0:45:13]} Rc8 {[%clk 0:02:30]} 27. Rd1
{[%clk 0:32:13]} Qxa2 {[%clk 0:01:56]} 28. Nxd3 {[%clk 0:30:38]} Nc4
{[%clk 0:00:33]} 29. Nxf5 {[%clk 0:30:08]} Nxe3 {[%clk 0:00:37]} 30. Nxe3
{[%clk 0:30:24]} Bxb5 {[%clk 0:00:35]} 31. Nf4 {[%clk 0:30:24]} Be8
{[%clk 0:00:35]} 32. Qg4 {[%clk 0:30:28]} Rb8 {[%clk 0:00:39]} 33. Nexd5
{[%clk 0:27:54]} Qc4 {[%clk 0:00:32]} 34. Ng6+ 1-0

[Event "High League 2022 men"]
[Site "Obninsk"]
[Date "2022.07.02"]
[Round "6.13"]
[White "Dreev, Aleksey"]
[Black "Belyakov, Bogdan"]
[Result "1/2-1/2"]
[LiveChessVersion "1.4.7"]
[BlackElo "2448"]
[WhiteElo "2610"]

1. d4 {[%clk 1:30:58]} Nf6 {[%clk 1:30:49]} 2. c4 {[%clk 1:31:23]} e6
{[%clk 1:30:45]} 3. Nc3 {[%clk 1:31:40]} Bb4 {[%clk 1:30:43]} 4. Qc2
{[%clk 1:30:59]} O-O {[%clk 1:30:16]} 5. a3 {[%clk 1:31:24]} Bxc3+
{[%clk 1:30:37]} 6. Qxc3 {[%clk 1:31:49]} d5 {[%clk 1:29:56]} 7. Bg5
{[%clk 1:32:02]} h6 {[%clk 1:28:58]} 8. Bxf6 {[%clk 1:31:06]} Qxf6
{[%clk 1:29:18]} 9. Nf3 {[%clk 1:31:13]} dxc4 {[%clk 1:28:15]} 10. Qxc4
{[%clk 1:29:30]} Nc6 {[%clk 1:28:28]} 11. Qc3 {[%clk 1:00:00]} Re8
{[%clk 1:28:10]} 12. Rd1 {[%clk 0:56:37]} e5 {[%clk 1:18:30]} 13. d5
{[%clk 0:55:52]} Nb8 {[%clk 1:15:56]} 14. e4 {[%clk 0:46:11]} c6 {[%clk 1:13:47]}
15. Bc4 {[%clk 0:45:41]} Bg4 {[%clk 1:06:33]} 16. Rd3 {[%clk 0:39:22]} cxd5
{[%clk 1:02:01]} 17. Bxd5 {[%clk 0:39:28]} Nc6 {[%clk 1:01:28]} 18. h3
{[%clk 0:36:50]} Bh5 {[%clk 0:57:01]} 19. Bxc6 {[%clk 0:31:29]} bxc6
{[%clk 0:55:24]} 20. O-O {[%clk 0:31:21]} Bxf3 {[%clk 0:50:15]} 21. Rxf3
{[%clk 0:31:37]} Qg6 {[%clk 0:49:22]} 22. Re1 {[%clk 0:30:28]} Rad8
{[%clk 0:49:07]} 23. Rd3 {[%clk 0:28:49]} Rd6 {[%clk 0:44:36]} 24. Rc1
{[%clk 0:27:38]} Rxd3 {[%clk 0:32:26]} 25. Qxd3 {[%clk 0:27:59]} Re6
{[%clk 0:32:36]} 26. Qe3 {[%clk 0:27:35]} Qg5 {[%clk 0:29:58]} 27. Qxg5
{[%clk 0:23:08]} hxg5 {[%clk 0:29:59]} 28. Kf1 {[%clk 0:22:23]} Kf8
{[%clk 0:29:58]} 29. Rc5 {[%clk 0:22:46]} f6 {[%clk 0:27:00]} 30. Ke2
{[%clk 0:20:15]} Ke8 {[%clk 0:20:39]} 31. Kf3 {[%clk 0:11:18]} Kd8
{[%clk 0:14:18]} 32. Ra5 {[%clk 0:11:32]} Re7 {[%clk 0:14:42]} 33. Ra6
{[%clk 0:10:08]} Rc7 {[%clk 0:13:38]} 34. Kg4 {[%clk 0:08:27]} g6
{[%clk 0:13:07]} 35. b4 {[%clk 0:06:03]} Kc8 {[%clk 0:10:12]} 36. a4
{[%clk 0:05:50]} Kd7 {[%clk 0:06:38]} 37. Kf3 {[%clk 0:04:53]} Ke7
{[%clk 0:01:30]} 38. Ke3 {[%clk 0:04:02]} Rb7 {[%clk 0:01:18]} 39. Rxc6
{[%clk 0:03:09]} Rxb4 {[%clk 0:01:44]} 40. Rc7+ {[%clk 0:33:30]} Ke6
{[%clk 0:31:12]} 41. Rxa7 {[%clk 0:33:19]} Rb3+ {[%clk 0:28:45]} 42. Ke2
{[%clk 0:33:36]} g4 {[%clk 0:26:37]} 43. Ra6+ {[%clk 0:29:24]} Ke7
{[%clk 0:23:27]} 44. hxg4 {[%clk 0:28:15]} Rb2+ {[%clk 0:23:52]} 45. Ke3
{[%clk 0:28:19]} Rb3+ {[%clk 0:24:16]} 46. Kd2 {[%clk 0:28:46]} Rb2+
{[%clk 0:24:42]} 47. Kd3 {[%clk 0:19:12]} Rxf2 {[%clk 0:17:58]} 48. g5
{[%clk 0:18:57]} Rxg2 {[%clk 0:10:51]} 49. gxf6+ {[%clk 0:13:58]} Kf7
{[%clk 0:11:08]} 50. Ke3 {[%clk 0:08:18]} Rg3+ {[%clk 0:10:21]} 51. Kf2
{[%clk 0:08:43]} Ra3 {[%clk 0:10:46]} 52. a5 {[%clk 0:08:40]} 1/2-1/2

[Event "High League 2022 men"]
[Site "Obninsk"]
[Date "2022.07.02"]
[Round "6.14"]
[White "Sakaev, Konstantin"]
[Black "Grigorjev, Iljya"]
[Result "1-0"]
[LiveChessVersion "1.4.7"]
[BlackElo "2350"]
[WhiteElo "2603"]

1. d4 {[%clk 1:29:45]} Nf6 {[%clk 1:30:53]} 2. c4 {[%clk 1:30:11]} g6
{[%clk 1:31:17]} 3. Nf3 {[%clk 1:30:30]} Bg7 {[%clk 1:31:39]} 4. e3
{[%clk 1:30:55]} O-O {[%clk 1:31:49]} 5. Be2 {[%clk 1:31:21]} d5 {[%clk 1:27:45]}
6. cxd5 {[%clk 1:30:27]} Nxd5 {[%clk 1:28:08]} 7. e4 {[%clk 1:29:36]} Nb6
{[%clk 1:28:32]} 8. O-O {[%clk 1:26:22]} Bg4 {[%clk 1:27:23]} 9. Nbd2
{[%clk 1:24:22]} N8d7 {[%clk 1:12:13]} 10. h3 {[%clk 1:19:07]} Bxf3
{[%clk 1:11:34]} 11. Nxf3 {[%clk 1:19:32]} c5 {[%clk 1:11:00]} 12. d5
{[%clk 1:17:25]} c4 {[%clk 1:09:00]} 13. Qc2 {[%clk 1:02:40]} Rc8
{[%clk 1:08:16]} 14. Be3 {[%clk 1:01:38]} Nc5 {[%clk 1:07:25]} 15. Rad1
{[%clk 0:54:36]} Nba4 {[%clk 0:59:17]} 16. Nd4 {[%clk 0:40:15]} Qb6
{[%clk 0:53:28]} 17. b3 {[%clk 0:32:05]} cxb3 {[%clk 0:44:01]} 18. axb3
{[%clk 0:32:16]} e5 {[%clk 0:43:55]} 19. Nb5 {[%clk 0:29:00]} a6 {[%clk 0:44:18]}
20. bxa4 {[%clk 0:27:23]} axb5 {[%clk 0:44:42]} 21. Rc1 {[%clk 0:23:21]} Qa5
{[%clk 0:43:05]} 22. Bxb5 {[%clk 0:21:17]} b6 {[%clk 0:42:44]} 23. Bc6
{[%clk 0:17:14]} f5 {[%clk 0:42:25]} 24. Bxc5 {[%clk 0:13:58]} bxc5
{[%clk 0:42:48]} 25. Qxc5 {[%clk 0:13:30]} Qxc5 {[%clk 0:43:05]} 26. Rxc5
{[%clk 0:13:56]} fxe4 {[%clk 0:43:28]} 27. Re1 {[%clk 0:13:23]} Rb8
{[%clk 0:43:42]} 28. Rb5 {[%clk 0:12:08]} 1-0